<The> Roots of Capitalism

Gespeichert in:
Bibliographische Detailangaben
1. Verfasser: Chamberlain, John
Format: Buch
Sprache:Englisch
Veröffentlicht: Indianapolis Liberty Press 1976
Ausgabe:1. ed.
Schlagworte:
Tags: Tag hinzufügen
Keine Tags, Fügen Sie das erste Tag hinzu!

MARC

LEADER 00000nam a2200000 4500
001 c004662
005 20221220103341.0
020 |a 0-913966-23-1 
041 0 |a eng 
044 |a US 
245 1 0 |a <The> Roots of Capitalism  |c John Chamberlain 
250 |a 1. ed. 
264 1 |a Indianapolis  |b Liberty Press  |c 1976 
300 |a 293 s. 
610 2 0 |a kapitalizmus 
610 2 0 |a podnikanie 
610 2 0 |a konkurencia 
610 2 0 |a USA 
610 2 0 |a zákony 
610 2 0 |a spotrebitelia 
100 1 |a Chamberlain, John